MESTSKÁ KNIŽNICA GIRALTOVCE  - online katalóg 

Do kroku i pro oddech (Record no. 15216)

000 -NÁVESTIE
fixed length control field 00648nam a2200169 a 4500
008 - ÚDAJE S PEVNOU DĹŽKOU – VŠEOBECNÉ INFORMÁCIE
fixed length control field 960129s1854||||xx 0 cze c
040 ## - ZDROJ KATALOGIZÁCIE
Pôvodná katalogizujúca agentúra SNK
Jazyk katalogizácie slo
Prepisujúca agentúra SNK
Konvencie popisu AACR2
041 1# - KÓD JAZYKA
Kód jazyka textu/zvukovej stopy alebo samostatných nápisov cze
020 ## - MEDZINÁRODNÉ ŠTANDARDNÉ ČÍSLO KNIHY (ISBN)
Údaje o dostupnosti 16,35
044 ## - KÓD KRAJINY VYDAVATEĽA/PRODUCENTA
Kód krajiny MARC CZ
245 10 - NÁZOV
Názov Do kroku i pro oddech
Zvyšok názvu Zpěvník lidových písní pro vojenské a mládežnické soubory, kluby vojskových těles a skupiny Svazarmu ; Uspořádal a harmonisoval Jiří Adamíra
260 ## - VYDAVATEĽSKÉ ÚDAJE, DISTRIBÚCIA ATĎ.
Miesto publikovania, distribúcie atď. Praha
Názov vydavateľa, distibútora atď. Naše vojsko
Dátum publikovania, distribúcie atď. 1854
Miesto výroby S.l.(typ. Naše vojsko a Orbis)
Výrobca (typ. Naše vojsko a Orbis)
300 ## - FYZICKÝ POPIS
Rozsah 203, [1] s.
Rozmery
490 0# - EDÍCIA
Edícia Armád. soutěž tvořivosti
Zväzok/sekvenčné označenie sv. 21
700 1# - PRIDANÝ VSTUP – OSOBNÉ MENO
Osobné meno Adamíra, Jiří
Kód roly com
958 ## - Formálny deskriptor
Formálny deskriptor A
Holdings
Stav stiahnutia (Blokovanie) (Withrawn status) Stav straty Stav poškodenia (Damaged status) Nie pre výpožičky (Not for loan) Spôsob nadobudnutia (Collection code) Trvalé umiestnenie Aktuálne umiestnenie Dátum nadobudnutia Náklady, bežná kúpna cena Inventárne číslo (prírastkové číslo) Full call number Dátum posledného výskytu Cena s účinnosťou od Typ jednotky Koha
        Kúpa Mestská knižnica Giraltovce Mestská knižnica Giraltovce 2019-11-29 16.35 14252 I 0312 2019-11-29 2019-11-29 Odborná literatúra pre dospelých

Powered by Koha